000
00294nam a22001337a 4500
008
170608b xxu||||| |||| 00| 0 eng d
020
_a
9780534630775
041
_a
eng
080
_2
3 ED
_a
32
100
_a
18
101
_a
SHP
245
_a
ANALYSING POLITICS
_c
GRIGSBY.E
942
_2
udc
_c
BK
999
_c
16586
_d
16586